[Event "DEM U12 2019"]
[Site "Willingen GER"]
[Date "2019.06.10"]
[Round "3"]
[White "Hecht, Jonas Christian"]
[Black "Bolz, Jannis"]
[Result "1/2-1/2"]
[Termination "normal"]
[Board "11"]
[WhiteElo "1726"]
[BlackElo "1618"]
[WhiteClock "00:36:00"]
[BlackClock "00:19:36"]
[PlyCount "129"]
[WhiteFideId "16214846"]
[BlackFideId "16214897"]
[EventCountry "GER"]
[EventRounds "9"]
[EventType "swiss"]
[EventDate "2019.06.08"]

1. e4 {[%clk 1:30:56]} 1... e5 {[%clk 1:30:54]} 2. Nf3 {[%clk 1:31:21]} 2...
Nc6 {[%clk 1:31:17]} 3. d4 {[%clk 1:31:47]} 3... exd4 {[%clk 1:31:39]} 4. Nxd4
{[%clk 1:32:11]} 4... Bc5 {[%clk 1:31:23]} 5. Nxc6 {[%clk 1:32:02]} 5... Qf6 {
[%clk 1:31:02]} 6. Qf3 {[%clk 1:32:21]} 6... bxc6 {[%clk 1:31:26]} 7. Bc4 {
[%clk 1:30:10]} 7... d6 {[%clk 1:31:09]} 8. Nc3 {[%clk 1:23:47]} 8... Qxf3 {
[%clk 1:28:48]} 9. gxf3 {[%clk 1:24:09]} 9... Ne7 {[%clk 1:28:48]} 10. Ke2 {
[%clk 1:22:17]} 10... O-O {[%clk 1:28:29]} 11. Rg1 {[%clk 1:20:29]} 11... Bb7 {
[%clk 1:28:25]} 12. Bg5 {[%clk 1:19:56]} 12... Ng6 {[%clk 1:28:05]} 13. Rg2 {
[%clk 1:19:25]} 13... Kh8 {[%clk 1:24:31]} 14. Rag1 {[%clk 1:15:17]} 14... Ne5
{[%clk 1:23:14]} 15. Bb3 {[%clk 1:14:17]} 15... Ba6+ {[%clk 1:23:06]} 16. Kd1 {
[%clk 1:12:07]} 16... Nxf3 {[%clk 1:23:22]} 17. Rh1 {[%clk 1:07:00]} 17... Nxg5
{[%clk 1:21:48]} 18. Rxg5 {[%clk 1:06:39]} 18... Bxf2 {[%clk 1:22:07]} 19. Ba4
{[%clk 1:06:01]} 19... Bb7 {[%clk 1:18:48]} 20. Rf1 {[%clk 1:05:12]} 20... Bh4
{[%clk 1:18:59]} 21. Rgf5 {[%clk 1:04:45]} 21... Bf6 {[%clk 1:19:13]} 22. Ne2 {
[%clk 1:02:17]} 22... Rab8 {[%clk 1:15:42]} 23. c3 {[%clk 1:01:06]} 23... Ba6 {
[%clk 1:12:52]} 24. Bb3 {[%clk 1:00:29]} 24... Bxe2+ 25. Kxe2 {[%clk 1:00:39]}
25... Rbe8 {[%clk 1:10:07]} 26. Ra5 {[%clk 0:53:56]} 26... Rxe4+ { [%clk
1:06:59]} 27. Kd3 {[%clk 0:53:55]} 27... Re7 {[%clk 1:03:58]} 28. Rxa7 { [%clk
0:53:51]} 28... Be5 {[%clk 1:00:55]} 29. Rxf7 {[%clk 0:51:05]} 29... Rexf7
{[%clk 1:00:24]} 30. Bxf7 {[%clk 0:51:32]} 30... d5 {[%clk 0:59:44]} 31. a4
{[%clk 0:48:14]} 31... g5 {[%clk 1:00:03]} 32. a5 {[%clk 0:46:17]} 32... Rxf7
{[%clk 0:56:51]} 33. Ra8+ {[%clk 0:46:41]} 33... Kg7 {[%clk 0:57:09]} 34. a6
{[%clk 0:47:05]} 34... Rf1 {[%clk 0:57:31]} 35. Re8 {[%clk 0:47:03]} 35... Ra1
{[%clk 0:47:17]} 36. Rxe5 {[%clk 0:47:22]} 36... Kf6 {[%clk 0:46:36]} 37. Re8
{[%clk 0:46:59]} 37... Rxa6 {[%clk 0:46:58]} 38. Rh8 {[%clk 0:45:50]} 38... Kg7
{[%clk 0:46:15]} 39. Rc8 {[%clk 0:45:58]} 39... Ra7 {[%clk 0:46:36]} 40. Kd4
{[%clk 0:45:26]} 40... Kg6 {[%clk 0:28:17]} 41. Rg8+ {[%clk 0:44:19]} 41... Kf5
{[%clk 0:25:51]} 42. Rh8 {[%clk 0:43:04]} 42... Ra2 {[%clk 0:22:38]} 43. Rxh7
{[%clk 0:41:55]} 43... Rxb2 {[%clk 0:23:00]} 44. Rxc7 {[%clk 0:40:01]} 44...
Rxh2 {[%clk 0:23:24]} 45. Rxc6 {[%clk 0:40:23]} 45... Rd2+ { [%clk 0:23:39]}
46. Ke3 {[%clk 0:40:33]} 46... Rd1 {[%clk 0:24:00]} 47. Ke2 { [%clk 0:39:00]}
47... Rh1 {[%clk 0:23:51]} 48. Rd6 {[%clk 0:38:42]} 48... Ke5 49. Rg6 {[%clk
0:38:26]} 49... Rh5 {[%clk 0:23:01]} 50. Rg8 {[%clk 0:38:03]} 50... Kf4 {[%clk
0:21:02]} 51. Rf8+ {[%clk 0:37:50]} 51... Kg3 {[%clk 0:21:18]} 52. Rf5 {[%clk
0:38:04]} 52... Rh2+ {[%clk 0:21:11]} 53. Kf1 {[%clk 0:37:15]} 53... Rh1+
{[%clk 0:21:28]} 54. Ke2 {[%clk 0:37:37]} 54... Rh2+ {[%clk 0:20:55] } 55. Ke3
{[%clk 0:37:09]} 55... g4 {[%clk 0:20:05]} 56. Rxd5 {[%clk 0:37:18]} 56... Rc2
{[%clk 0:19:37]} 57. Kd3 {[%clk 0:36:26]} 57... Rc1 {[%clk 0:19:55]} 58. Rg5
{[%clk 0:36:38]} 58... Kf4 {[%clk 0:19:26]} 59. Rg8 {[%clk 0:36:53]} 59... g3
{[%clk 0:19:30]} 60. Ke2 {[%clk 0:35:23]} 60... Rxc3 {[%clk 0:19:35]} 61. Kf1
{[%clk 0:35:12]} 61... Rc5 {[%clk 0:18:30]} 62. Rf8+ {[%clk 0:35:16]} 62... Rf5
{[%clk 0:18:49]} 63. Rxf5+ {[%clk 0:35:36]} 63... Kxf5 { [%clk 0:19:15]} 64.
Kg2 {[%clk 0:36:00]} 64... Kg4 {[%clk 0:19:36]} 65. Kg1 1/2-1/2

[Event "DEM U12 2019"]
[Site "Willingen GER"]
[Date "2019.06.10"]
[Round "3"]
[White "Gerdes, Jannes"]
[Black "Kempe, Caius Emilian"]
[Result "1/2-1/2"]
[Termination "normal"]
[Board "12"]
[WhiteElo "1517"]
[BlackElo "1766"]
[WhiteClock "01:33:50"]
[BlackClock "01:16:37"]
[PlyCount "60"]
[WhiteFideId "16254627"]
[BlackFideId "16246861"]
[EventCountry "GER"]
[EventRounds "9"]
[EventType "swiss"]
[EventDate "2019.06.08"]

1. e4 {[%clk 1:30:58]} 1... c5 {[%clk 1:30:56]} 2. Nf3 {[%clk 1:31:24]} 2... d6
{[%clk 1:31:21]} 3. d4 {[%clk 1:31:49]} 3... cxd4 {[%clk 1:31:46]} 4. Nxd4 {
[%clk 1:32:15]} 4... Nf6 {[%clk 1:32:05]} 5. Nc3 {[%clk 1:32:40]} 5... g6 {
[%clk 1:32:24]} 6. Be3 {[%clk 1:33:04]} 6... Bg7 {[%clk 1:32:06]} 7. f3 { [%clk
1:33:27]} 7... O-O {[%clk 1:32:19]} 8. Qd2 {[%clk 1:33:50]} 8... Nc6 9. O-O-O
{[%clk 1:34:13]} 9... Nxd4 {[%clk 1:32:53]} 10. Bxd4 {[%clk 1:34:39]} 10... Be6
{[%clk 1:33:14]} 11. Kb1 {[%clk 1:35:01]} 11... Qa5 {[%clk 1:32:28]} 12. Nd5
{[%clk 1:35:22]} 12... Qa4 {[%clk 1:20:58]} 13. b3 {[%clk 1:33:56]} 13... Qd7
{[%clk 1:20:54]} 14. Nxf6+ {[%clk 1:34:05]} 14... exf6 { [%clk 1:21:06]} 15.
Qf4 {[%clk 1:33:36]} 15... Qe7 {[%clk 1:20:20]} 16. Bb2 { [%clk 1:33:50]} 16...
Rfd8 {[%clk 1:20:34]} 17. Ba3 {[%clk 1:34:12]} 17... Bf8 {[%clk 1:20:09]} 18.
h4 {[%clk 1:34:33]} 18... Rac8 {[%clk 1:19:50]} 19. Be2 { [%clk 1:34:18]} 19...
a5 {[%clk 1:18:25]} 20. g4 {[%clk 1:32:45]} 20... a4 { [%clk 1:18:30]} 21. g5
{[%clk 1:32:54]} 21... f5 {[%clk 1:18:27]} 22. Bd3 { [%clk 1:31:45]} 22... axb3
{[%clk 1:18:18]} 23. axb3 {[%clk 1:32:08]} 23... fxe4 {[%clk 1:18:01]} 24. fxe4
{[%clk 1:32:13]} 24... Ra8 {[%clk 1:18:09]} 25. Bb2 {[%clk 1:32:30]} 25... Bg7
{[%clk 1:18:31]} 26. Bxg7 {[%clk 1:32:45]} 26... Kxg7 {[%clk 1:18:45]} 27. h5
{[%clk 1:32:56]} 27... Rh8 {[%clk 1:18:08]} 28. h6+ {[%clk 1:33:07]} 28... Kf8
{[%clk 1:17:27]} 29. Qf6 {[%clk 1:33:24]} 29... Qxf6 {[%clk 1:17:32]} 30. gxf6
{[%clk 1:33:50]} 30... Rd8 {[%clk 1:16:37]} 1/2-1/2

[Event "DEM U12 2019"]
[Site "Willingen GER"]
[Date "2019.06.10"]
[Round "3"]
[White "Breitkopf-Lazar, Patrick-Robert"]
[Black "Fink, Moritz"]
[Result "1-0"]
[Termination "normal"]
[Board "13"]
[WhiteElo "1659"]
[BlackElo "1392"]
[WhiteClock "00:32:50"]
[BlackClock "00:49:12"]
[PlyCount "51"]
[WhiteFideId "16213742"]
[BlackFideId "16235711"]
[EventCountry "GER"]
[EventRounds "9"]
[EventType "swiss"]
[EventDate "2019.06.08"]

1. e4 {[%clk 1:30:57]} 1... e5 {[%clk 1:30:53]} 2. Nf3 {[%clk 1:31:23]} 2...
Nc6 {[%clk 1:31:21]} 3. Bc4 {[%clk 1:31:45]} 3... Bc5 {[%clk 1:31:47]} 4. O-O {
[%clk 1:32:08]} 4... Nf6 {[%clk 1:31:26]} 5. d4 {[%clk 1:32:31]} 5... Bxd4 {
[%clk 1:26:31]} 6. Nxd4 {[%clk 1:31:22]} 6... Nxd4 {[%clk 1:26:46]} 7. f4 {
[%clk 1:31:44]} 7... d6 {[%clk 1:22:12]} 8. fxe5 {[%clk 1:31:06]} 8... dxe5 {
[%clk 1:21:48]} 9. Bg5 {[%clk 1:31:28]} 9... Qd6 {[%clk 1:18:52]} 10. Na3 {
[%clk 1:20:10]} 10... Qb6 {[%clk 1:15:12]} 11. Kh1 {[%clk 1:16:32]} 11... Qxb2
{[%clk 1:14:13]} 12. Rxf6 {[%clk 1:07:02]} 12... gxf6 {[%clk 1:10:55]} 13. Bxf6
{[%clk 1:06:21]} 13... Bg4 {[%clk 1:10:56]} 14. Qf1 {[%clk 0:51:52]} 14... Rf8
{[%clk 1:03:29]} 15. Nb5 {[%clk 0:37:29]} 15... Nxb5 {[%clk 0:59:27]} 16. Bxb5+
{[%clk 0:37:56]} 16... c6 {[%clk 0:59:07]} 17. Rb1 {[%clk 0:33:15]} 17... Qxc2
{[%clk 0:53:54]} 18. Bd3 {[%clk 0:32:54]} 18... Qa4 {[%clk 0:52:18]} 19. Rxb7 {
[%clk 0:31:09]} 19... Qd1 {[%clk 0:48:44]} 20. Qxd1 {[%clk 0:30:45]} 20... Bxd1
{[%clk 0:49:09]} 21. Re7+ {[%clk 0:31:08]} 21... Kd8 {[%clk 0:48:51]} 22. Rxa7+
{[%clk 0:31:29]} 22... Kc8 {[%clk 0:48:10]} 23. Rxa8+ {[%clk 0:31:45]} 23...
Kb7 {[%clk 0:48:32]} 24. Rxf8 {[%clk 0:32:09]} 24... Kb6 {[%clk 0:48:52]} 25.
Rxf7 {[%clk 0:32:29]} 25... c5 {[%clk 0:49:12]} 26. Rxh7 {[%clk 0:32:50]} 1-0

[Event "DEM U12 2019"]
[Site "Willingen GER"]
[Date "2019.06.10"]
[Round "3"]
[White "Weyerer, Noah"]
[Black "Rempe, Jonas"]
[Result "1/2-1/2"]
[Termination "normal"]
[Board "14"]
[WhiteElo "1320"]
[BlackElo "1781"]
[WhiteClock "00:26:11"]
[BlackClock "00:50:30"]
[PlyCount "102"]
[WhiteFideId "16250664"]
[BlackFideId "16202406"]
[EventCountry "GER"]
[EventRounds "9"]
[EventType "swiss"]
[EventDate "2019.06.08"]

1. d4 {[%clk 1:30:58]} 1... Nf6 {[%clk 1:30:29]} 2. Bf4 {[%clk 1:31:21]} 2...
d5 {[%clk 1:30:45]} 3. e3 {[%clk 1:31:40]} 3... c5 {[%clk 1:31:06]} 4. c3 {
[%clk 1:31:55]} 4... Nc6 {[%clk 1:31:29]} 5. Nd2 {[%clk 1:31:35]} 5... g6 {
[%clk 1:31:45]} 6. Bd3 {[%clk 1:31:23]} 6... Bg7 {[%clk 1:32:05]} 7. Ngf3 {
[%clk 1:31:18]} 7... O-O {[%clk 1:32:15]} 8. O-O {[%clk 1:28:01]} 8... Nd7 {
[%clk 1:31:04]} 9. Bb5 {[%clk 1:24:30]} 9... Qb6 {[%clk 1:22:44]} 10. Bxc6 {
[%clk 1:23:23]} 10... bxc6 {[%clk 1:22:38]} 11. Qb3 {[%clk 1:21:56]} 11... Ba6
{[%clk 1:17:55]} 12. Rfe1 {[%clk 1:20:26]} 12... f5 13. Rad1 {[%clk 1:13:28]}
13... Rae8 {[%clk 0:57:57]} 14. h3 {[%clk 1:07:01]} 14... h6 {[%clk 0:53:04]}
15. Bh2 {[%clk 1:04:45]} 15... Kh7 {[%clk 0:52:23]} 16. Qc2 {[%clk 0:58:39]}
16... c4 {[%clk 0:47:13]} 17. b3 {[%clk 0:53:35]} 17... cxb3 {[%clk 0:43:07]}
18. axb3 {[%clk 0:53:32]} 18... c5 {[%clk 0:43:12]} 19. Ra1 {[%clk 0:47:41]}
19... Bb7 {[%clk 0:38:56]} 20. Reb1 {[%clk 0:44:40]} 20... Rc8 {[%clk 0:39:19]}
21. Qb2 {[%clk 0:42:47]} 21... cxd4 {[%clk 0:38:52]} 22. exd4 {[%clk 0:40:55]}
22... g5 {[%clk 0:37:53]} 23. b4 {[%clk 0:35:50]} 23... g4 {[%clk 0:36:51]} 24.
hxg4 {[%clk 0:34:23]} 24... fxg4 {[%clk 0:37:14]} 25. Nh4 {[%clk 0:33:22]}
25... Qf6 {[%clk 0:36:52]} 26. Bg3 {[%clk 0:31:58]} 26... e5 {[%clk 0:33:26]}
27. Rxa7 {[%clk 0:27:43]} 27... Qb6 {[%clk 0:33:41]} 28. Qc2+ {[%clk 0:18:49]}
28... Kg8 {[%clk 0:33:48]} 29. Rxb7 29... Qxb7 {[%clk 0:34:15]} 30. Qg6 { [%clk
0:15:42]} 30... Qc6 {[%clk 0:32:54]} 31. Qxg4 {[%clk 0:15:08]} 31... Nf6 {[%clk
0:28:12]} 32. Qg6 {[%clk 0:14:29]} 32... Ne4 {[%clk 0:26:58]} 33. Qxc6 33...
Rxc6 {[%clk 0:27:12]} 34. Nxe4 {[%clk 0:14:11]} 34... dxe4 { [%clk 0:27:21]}
35. Bxe5 {[%clk 0:12:25]} 35... Bxe5 {[%clk 0:27:38]} 36. dxe5 {[%clk 0:12:51]}
36... Rxc3 {[%clk 0:27:57]} 37. b5 37... Rb8 {[%clk 0:27:51]} 38. Nf5 {[%clk
0:11:34]} 38... Kf7 {[%clk 0:25:44]} 39. Nxh6+ 39... Ke6 { [%clk 0:26:07]} 40.
Ng4 {[%clk 0:10:03]} 40... Kf5 {[%clk 0:26:01]} 41. Nf6 { [%clk 0:09:07]} 41...
Rb7 {[%clk 0:25:20]} 42. Nd5 {[%clk 0:04:34]} 42... Rc5 { [%clk 0:25:15]} 43.
Ne3+ {[%clk 0:04:28]} 43... Kxe5 {[%clk 0:25:13]} 44. b6 44... Rc6 {[%clk
0:24:33]} 45. Kh2 {[%clk 0:02:30]} 45... Kf4 {[%clk 0:23:38]} 46. Rb5 {[%clk
0:00:33]} 46... Rh7+ {[%clk 0:22:09]} 47. Kg1 {[%clk 0:00:54]} 47... Rc1+
{[%clk 0:22:22]} 48. Nf1 {[%clk 0:01:18]} 48... Rb7 {[%clk 0:21:48]} 49. Rb4
{[%clk 0:28:27]} 49... Ke5 {[%clk 0:51:06]} 50. g3 {[%clk 0:27:53]} 50... Rc6
{[%clk 0:50:30]} 51. Ne3 {[%clk 0:26:11]} 51... Re6 1/2-1/2

[Event "DEM U12 2019"]
[Site "Willingen GER"]
[Date "2019.06.10"]
[Round "3"]
[White "Brunner, Alexander"]
[Black "von Mettenheim, Johannes"]
[Result "0-1"]
[Termination "normal"]
[Board "15"]
[WhiteElo "1539"]
[BlackElo "1757"]
[WhiteClock "00:00:33"]
[BlackClock "00:26:20"]
[PlyCount "80"]
[WhiteFideId "12965278"]
[BlackFideId "16244818"]
[EventCountry "GER"]
[EventRounds "9"]
[EventType "swiss"]
[EventDate "2019.06.08"]

1. d4 {[%clk 1:30:58]} 1... Nf6 {[%clk 1:30:59]} 2. Nc3 {[%clk 1:31:07]} 2...
d5 {[%clk 1:31:27]} 3. Bf4 {[%clk 1:31:25]} 3... c5 {[%clk 1:31:56]} 4. e3 {
[%clk 1:31:35]} 4... cxd4 {[%clk 1:32:24]} 5. Nb5 {[%clk 1:31:28]} 5... Na6 {
[%clk 1:31:15]} 6. exd4 {[%clk 1:28:27]} 6... Bf5 {[%clk 1:26:07]} 7. c3 {
[%clk 1:23:04]} 7... e6 {[%clk 1:12:59]} 8. Qa4 {[%clk 1:11:17]} 8... Nd7 {
[%clk 1:12:56]} 9. Nf3 {[%clk 0:59:11]} 9... Be7 {[%clk 1:11:20]} 10. Nd6+ {
[%clk 0:56:54]} 10... Bxd6 {[%clk 1:11:48]} 11. Bxd6 {[%clk 0:57:23]} 11... Qb6
{[%clk 1:10:49]} 12. Ba3 {[%clk 0:53:57]} 12... f6 {[%clk 1:04:10]} 13. Bb5
13... Nab8 {[%clk 1:03:12]} 14. Bc5 {[%clk 0:37:23]} 14... Qc7 {[%clk 1:02:37]}
15. O-O {[%clk 0:21:52]} 15... Nc6 {[%clk 0:59:53]} 16. Ba3 {[%clk 0:20:30]}
16... Kf7 {[%clk 0:57:36]} 17. Rac1 {[%clk 0:13:18]} 17... a6 {[%clk 0:57:17]}
18. Bxc6 {[%clk 0:12:34]} 18... Qxc6 {[%clk 0:57:46]} 19. Qb4 {[%clk 0:12:24]}
19... Rhe8 {[%clk 0:55:33]} 20. c4 {[%clk 0:10:57]} 20... a5 {[%clk 0:53:47]}
21. Qb3 {[%clk 0:06:12]} 21... Rec8 {[%clk 0:50:50]} 22. c5 {[%clk 0:05:49]}
22... b5 {[%clk 0:36:06]} 23. cxb6 23... Qxc1 {[%clk 0:33:48]} 24. b7 { [%clk
0:03:01]} 24... Qc6 {[%clk 0:32:57]} 25. bxa8=Q {[%clk 0:02:30]} 25... Rxa8
{[%clk 0:33:11]} 26. h3 {[%clk 0:01:00]} 26... Rb8 {[%clk 0:30:48]} 27. Qe3
{[%clk 0:00:47]} 27... Rc8 {[%clk 0:27:51]} 28. b3 {[%clk 0:00:39]} 28... Qc3
{[%clk 0:26:25]} 29. Qxc3 {[%clk 0:00:32]} 29... Rxc3 {[%clk 0:26:54]} 30. Rc1
{[%clk 0:00:46]} 30... Rxc1+ {[%clk 0:27:08]} 31. Bxc1 {[%clk 0:01:15]} 31...
Nb8 {[%clk 0:24:42]} 32. Kf1 {[%clk 0:00:52]} 32... Bb1 {[%clk 0:24:25]} 33. a3
{[%clk 0:00:56]} 33... Bc2 {[%clk 0:24:52]} 34. b4 {[%clk 0:00:51]} 34... axb4
{[%clk 0:25:21]} 35. axb4 35... Nc6 {[%clk 0:25:50]} 36. Ba3 { [%clk 0:00:52]}
36... Be4 {[%clk 0:25:47]} 37. Ke2 {[%clk 0:00:32]} 37... Bxf3+ {[%clk
0:26:16]} 38. Kxf3 {[%clk 0:00:39]} 38... Nxd4+ {[%clk 0:26:45]} 39. Kg3 {[%clk
0:00:31]} 39... Ke8 {[%clk 0:26:26]} 40. Bb2 {[%clk 0:00:33]} 40... Nb5 {[%clk
0:26:20]} 0-1

[Event "DEM U12 2019"]
[Site "Willingen GER"]
[Date "2019.06.10"]
[Round "3"]
[White "Amato, Cristiano"]
[Black "Woltmann, Peter"]
[Result "0-1"]
[Termination "normal"]
[Board "16"]
[WhiteElo "1800"]
[BlackElo "1471"]
[PlyCount "96"]
[WhiteFideId "12998460"]
[BlackFideId "16269349"]
[EventCountry "GER"]
[EventRounds "9"]
[EventType "swiss"]
[EventDate "2019.06.08"]

1. e4 e6 2. d4 d5 3. exd5 exd5 4. Nf3 Nf6 5. c4 Bf5 6. Nc3 c6 7. Bg5 Be7 8.
Bxf6 Bxf6 9. cxd5 cxd5 10. Qb3 O-O 11. Qxb7 Re8+ 12. Be2 Nd7 13. Qxd5 Bd3 14.
Rd1 Ba6 15. Rd2 Qc7 16. O-O Nb6 17. Qc5 Qxc5 18. dxc5 Bxe2 19. Nxe2 Nc4 20. Rc2
Nxb2 21. Ned4 Nd3 22. Rc3 Nb4 23. a3 Nc6 24. Rc4 Re4 25. Kh1 Nxd4 26. Nxd4 Rxd4
27. Rc2 Rc8 28. c6 Rd6 29. c7 Kf8 30. Rb1 Rd7 31. h3 Rdxc7 32. Re2 Rc1+ 33.
Rxc1 Rxc1+ 34. Kh2 Rc3 35. f4 Rxa3 36. f5 a5 37. Kg1 a4 38. Kf1 Ra1+ 39. Kf2 a3
40. Ke3 a2 41. Ke4 g6 42. fxg6 hxg6 43. g4 Kg8 44. Ke3 Bb2 45. Ke4 Rb1 46. Kf3
a1=Q 47. Kf4 Rf1+ 48. Kg5 Bf6+ 0-1

[Event "DEM U12 2019"]
[Site "Willingen GER"]
[Date "2019.06.10"]
[Round "3"]
[White "Honstein, Michael"]
[Black "Zweigait, Leon"]
[Result "0-1"]
[Termination "normal"]
[Board "17"]
[WhiteElo "1378"]
[BlackElo "1474"]
[PlyCount "42"]
[WhiteFideId "16287053"]
[BlackFideId "16201388"]
[EventCountry "GER"]
[EventRounds "9"]
[EventType "swiss"]
[EventDate "2019.06.08"]

1. e4 c5 2. c4 e6 3. Nc3 Nc6 4. g3 g6 5. Bg2 Bg7 6. Nge2 Nge7 7. O-O b6 8. d3
Bb7 9. Kh1 O-O 10. f4 f5 11. e5 d6 12. exd6 Qxd6 13. Nb5 Qd7 14. Qc2 Nb4 15.
Qb3 Nxd3 16. Bxb7 Qxb7+ 17. Kg1 Qe4 18. Nec3 Bd4+ 19. Nxd4 Qxd4+ 20. Kg2 Nc6
21. Ne2 Qe4+ 0-1

[Event "DEM U12 2019"]
[Site "Willingen GER"]
[Date "2019.06.10"]
[Round "3"]
[White "Hoffmann, Kay"]
[Black "Möller, Maurin"]
[Result "1-0"]
[Termination "normal"]
[Board "18"]
[WhiteElo "1433"]
[BlackElo "1686"]
[PlyCount "99"]
[WhiteFideId "16227000"]
[BlackFideId "16265696"]
[EventCountry "GER"]
[EventRounds "9"]
[EventType "swiss"]
[EventDate "2019.06.08"]

1. f4 d5 2. Nf3 Nf6 3. e3 h6 4. b3 Bf5 5. Bb2 e6 6. Be2 c5 7. O-O Be7 8. Ne5
Nbd7 9. g4 Nxe5 10. fxe5 Bh7 11. exf6 Bxf6 12. Bxf6 gxf6 13. Bb5+ Ke7 14. Qf3
f5 15. Qh3 Qf8 16. Be2 Qg7 17. Nc3 fxg4 18. Qh4+ Kd6 19. Qg3+ Kd7 20. Bb5+ Kc8
21. Qd6 Rd8 22. Qxc5+ Kb8 23. Qe7 Qf8 24. Rxf7 Qxe7 25. Rxe7 Bxc2 26. Rc1 Bf5
27. Ne2 a6 28. Rcc7 Ra7 29. Bc6 bxc6 30. Rxa7 Bd3 31. Nd4 Bb5 32. Nxb5 axb5 33.
Reb7+ Kc8 34. Ra8+ Kxb7 35. Rxd8 e5 36. Rh8 b4 37. Rxh6 c5 38. d3 e4 39. dxe4
c4 40. exd5 c3 41. Rc6 c2 42. Rxc2 g3 43. d6 gxh2+ 44. Kxh2 Kb6 45. d7 Ka7 46.
d8=Q Kb7 47. Qc8+ Kb6 48. Qc7+ Kb5 49. Qc6+ Ka5 50. Rc5# 1-0

[Event "DEM U12 2019"]
[Site "Willingen GER"]
[Date "2019.06.10"]
[Round "3"]
[White "Bock, Marlon"]
[Black "Greßler, Christian"]
[Result "1/2-1/2"]
[Termination "normal"]
[Board "19"]
[WhiteElo "1596"]
[BlackElo "1416"]
[PlyCount "46"]
[WhiteFideId "16244931"]
[BlackFideId "16244907"]
[EventCountry "GER"]
[EventRounds "9"]
[EventType "swiss"]
[EventDate "2019.06.08"]

1. d4 e6 2. Nf3 d5 3. e3 Nf6 4. Bd3 c5 5. b3 Nc6 6. Bb2 Bd6 7. Nbd2 b6 8. O-O
O-O 9. a3 Bb7 10. Ne5 cxd4 11. exd4 Qc7 12. Re1 Nd7 13. Ndf3 Rfe8 14. Rc1 f6
15. Nxc6 Bxc6 16. c4 Qb7 17. cxd5 Bxd5 18. Bc4 Kf7 19. Qd3 Nf8 20. h3 a6 21.
Bxd5 Qxd5 22. Qc4 Qxc4 23. bxc4 Rac8 1/2-1/2

[Event "DEM U12 2019"]
[Site "Willingen GER"]
[Date "2019.06.10"]
[Round "3"]
[White "Winkler, Yonathan"]
[Black "Malchereck, Zion"]
[Result "1/2-1/2"]
[Termination "normal"]
[Board "20"]
[WhiteElo "1536"]
[BlackElo "1438"]
[PlyCount "64"]
[WhiteFideId "16266080"]
[BlackFideId "16269233"]
[EventCountry "GER"]
[EventRounds "9"]
[EventType "swiss"]
[EventDate "2019.06.08"]

1. e4 c5 2. Nf3 Nc6 3. d4 cxd4 4. Nxd4 e5 5. Nf3 Nf6 6. Nc3 Bb4 7. Bd2 O-O 8.
Bd3 h6 9. O-O Re8 10. Re1 d6 11. h3 Be6 12. Bb5 Rc8 13. Qe2 a6 14. Ba4 Bxc3 15.
Bxc3 b5 16. Bb3 Qb6 17. Bxe6 Rxe6 18. a3 Ree8 19. Rad1 Red8 20. Nh4 Ne7 21. Qd2
Qc6 22. Qe2 g5 23. Qf3 Kg7 24. Nf5+ Nxf5 25. Qxf5 Re8 26. Bd2 Qxc2 27. Bxg5
Nxe4 28. Bxh6+ Kxh6 29. Qxe4 Qxe4 30. Rxe4 Rc6 31. f4 f5 32. Re2 e4 1/2-1/2

[Event "DEM U12 2019"]
[Site "Willingen GER"]
[Date "2019.06.10"]
[Round "3"]
[White "Ensslinger, Colin"]
[Black "Hagenbeck-Hübert, Jan"]
[Result "0-1"]
[Termination "normal"]
[Board "21"]
[WhiteElo "1690"]
[BlackElo "1574"]
[PlyCount "70"]
[WhiteFideId "16226011"]
[BlackFideId "16259505"]
[EventCountry "GER"]
[EventRounds "9"]
[EventType "swiss"]
[EventDate "2019.06.08"]

1. c4 e6 2. g3 d5 3. Bg2 Nf6 4. Nf3 Bd6 5. d3 O-O 6. O-O c6 7. Nc3 Nbd7 8. cxd5
exd5 9. e4 dxe4 10. dxe4 Bc7 11. Qc2 Re8 12. Rd1 Qe7 13. Nd4 Qc5 14. Nb3 Qf8
15. h3 Nc5 16. Nxc5 Qxc5 17. Be3 Qc4 18. Rd4 Qe6 19. Rad1 Bd7 20. Bg5 c5 21.
Bxf6 cxd4 22. Nd5 Bxg3 23. Bxd4 Be5 24. Bxe5 Qxe5 25. f4 Qe6 26. Qb3 Qc6 27. e5
Qc5+ 28. Kh2 Be6 29. Qxb7 Rab8 30. Qc7 Qf2 31. Qc6 Bxd5 32. Rxd5 Rec8 33. Qa4
Rxb2 34. Qe4 Re2 35. Rc5 Qxg2+ 0-1

[Event "DEM U12 2019"]
[Site "Willingen GER"]
[Date "2019.06.10"]
[Round "3"]
[White "Meuer, David"]
[Black "Hoppstädter, Daniel"]
[Result "1/2-1/2"]
[Termination "normal"]
[Board "22"]
[WhiteElo "1549"]
[BlackElo "1576"]
[PlyCount "90"]
[WhiteFideId "16262964"]
[BlackFideId "16243625"]
[EventCountry "GER"]
[EventRounds "9"]
[EventType "swiss"]
[EventDate "2019.06.08"]

1. e4 c5 2. c3 Nf6 3. e5 Nd5 4. d4 cxd4 5. cxd4 Nc6 6. Nf3 d6 7. Bc4 Nb6 8. Bb5
d5 9. O-O Bd7 10. Bf4 e6 11. Nc3 Be7 12. Rc1 O-O 13. Qe2 a6 14. Bd3 Nb4 15. Bb1
Na4 16. Nxa4 Bxa4 17. Rfe1 Bb5 18. Qd2 a5 19. a3 Nc6 20. Bg5 Bxg5 21. Nxg5 g6
22. Qf4 Nxd4 23. Nxh7 Kxh7 24. Qxd4 Rc8 25. Rxc8 Qxc8 26. b3 Qc6 27. a4 Ba6 28.
h3 Rc8 29. Qh4+ Kg8 30. Qe7 Qc3 31. Re3 Qc1+ 32. Kh2 Qxb1 33. Qd7 Rf8 34. Rf3
Qe1 35. Qd6 Be2 36. Rf6 Kg7 37. Qc7 Kg8 38. Qxb7 d4 39. Qe4 Qd2 40. f4 Kg7 41.
f5 exf5 42. Qh4 Rh8 43. Rxf7+ Kxf7 44. Qf6+ Kg8 45. Qxg6+ Kf8 1/2-1/2